banner koha

O luftal do boi (Registro n. 332792)

MARC details
000 -LÍDER
fixed length control field 00811nab a2200265 4500
003 - CÓDIGO MARC DA AGÊNCIA CATALOGADORA
Campo de controle BR-BrBNA
005 - DATA E HORA DA ÚLTIMA ATUALIZAÇÃO
Campo de controle 20250711230821.0
008 - CAMPO DE TAMANHO FIXO
fixed length control field 250711b bl.||||| |||| 00| 0 por d
040 ## - FONTE DA CATALOGAÇÃO
Agência catalogadora BR-BrBNA
Idioma da catalogação por
072 ## - CATEGORIA AGRIS
Código AGRIS L02 ; Q55 ; T01
Código do objeto 5212
100 ## - ENTRADA PRINCIPAL - NOME PESSOAL
Nome pessoal Ribeiro, Juliana
245 ## - TÍTULO PRINCIPAL
Título principal O luftal do boi
Subtítulo Agrotecnologia
500 ## - NOTA GERAL
Nota geral 1 illus.
942 ## - ADDED ENTRY ELEMENTS (KOHA)
Koha item type Analítica
650 ## - ASSUNTO - THESAGRO
Cabeçalho tópico ou nome geográfico BOVINO
650 ## - ASSUNTO - THESAGRO
Cabeçalho tópico ou nome geográfico METANO
650 ## - ASSUNTO - THESAGRO
Cabeçalho tópico ou nome geográfico GASES EFEITO ESTUFA
650 ## - ASSUNTO - THESAGRO
Cabeçalho tópico ou nome geográfico POLUIÇÃO
650 ## - ASSUNTO - THESAGRO
Cabeçalho tópico ou nome geográfico AQUECIMENTO GLOBAL
650 ## - ASSUNTO - THESAGRO
Cabeçalho tópico ou nome geográfico ALHO
650 ## - ASSUNTO - THESAGRO
Cabeçalho tópico ou nome geográfico RAÇÃO
650 ## - ASSUNTO - THESAGRO
Cabeçalho tópico ou nome geográfico SEQUESTRO DE CARBONO
773 0# - ENTRADA ANALÍTICA
Host Biblionumber 1706
Registro do item 347918
Imprenta São Paulo-SP Editora Três Ltda - E-mail: luizfsa@revistadinheiro.com.br 2004
Outro identificador 2025-0417
Título Dinheiro Rural (Brazil)
ISSN 1807-3700
Colação v. 6(70) p. 48; (Aug 2010)
Número de controle de registro BR2025003777

Nenhum exemplar disponível.

BINAGRI

Telefone: (61)3218-2567/2388/3357/2097 - binagri@agro.gov.br

Ministério da Agricultura e Pecuária , Esplanada dos Ministérios, Bloco D, Anexo B, Brasília/DF, CEP: 70.043-900